000 01188nam a2200217 a 4500
008 120416s1967 ||||||||||||||||| || u
020 _a075060834X
050 _aHD 38 Dru
100 _aDrucker, Peter F
245 1 4 _aThe effective executive
260 _aOxford:
_bButterworth-Heinemann
_c1967
300 _aviii, 148p.
350 _a0.00
650 _aMANAGEMENT EXECUTIVES
650 0 _aMANAGEMENT
995 _aMAIN LIBRARY OPEN ACCESS
_D0.00
_e702514
_FCBU-MAIN LIBRARY (Kitwe)
_H1
_I0.00
_jHD 38 Dru
_M2
_UAVAILABLE
_y003473
_ZMain Library Open Access Collection
995 _aBINDERY (DAMAGED)
_D0.00
_e731403
_FCBU-MAIN LIBRARY (Kitwe)
_H1
_I14.99
_jHD 38 Dru
_M3
_UDAMAGED
_y028649
_ZMain Library Open Access Collection
995 _aMAIN LIBRARY OPEN ACCESS
_D0.00
_e730119
_FCBU-MAIN LIBRARY (Kitwe)
_H0
_I0.00
_jHD 38 Dru
_M4
_UAVAILABLE
_y027107
_ZMain Library Open Access Collection
995 _aBINDERY (DAMAGED)
_D0.00
_e739821
_FCBU-MAIN LIBRARY (Kitwe)
_H1
_I0.00
_jHD 38 DRU
_M5
_UDAMAGED
_WApr 3, 2009
_y739821
_ZMain Library Open Access Collection
995 _aBINDERY (DAMAGED)
_D0.00
_e716537
_FCBU-MAIN LIBRARY (Kitwe)
_H2
_I0.00
_jHD 38 Dru
_M1
_UDAMAGED
_y003419
_ZMain Library Open Access Collection
999 _c75766
_d75766